Minecraft Stable SMP Characters - Statistics

General Stats
  • This quiz has been taken 12 times
  • The average score is 10 of 12
Answer Stats
Picture Answer % Correct
CabbageK
100%
FireFragments
100%
SpokeIsNotHere
100%
Wemmboo
100%
Deputy_Mace
80%
ManeApple
80%
PenguinX2
80%
SnowballChan
80%
TheoBaldTheNerd
80%
Blight
60%
Comedy
60%
ItzFakeYou
60%
No matching quizzes found
Score Distribution
Percent of People with Each Score
Percentile by Number Answered
Your Score History
You have not taken this quiz